La gestión de la diversidad en la organización global: hacia un nuevo valor en la empresa
Gespeichert in:
| Hauptverfasser: | , |
|---|---|
| Format: | Buch |
| Sprache: | Spanisch |
| Veröffentlicht: |
Madrid
Pearson Educación
2005
|
| Ausgabe: | 1a. ed |
| Schlagworte: | |
| Tags: |
Tag hinzufügen
Keine Tags, Fügen Sie den ersten Tag hinzu!
|
MARC
| LEADER | 00000nam a2200000 a 4500 | ||
|---|---|---|---|
| 001 | UCH5169 | ||
| 003 | CL-VaPUC | ||
| 008 | 091002e20050000SP |||||||||||||||||spa|d | ||
| 020 | |a 8420546151 | ||
| 082 | 0 | 4 | |a 658.301 |b ANC |2 21 |
| 100 | 0 | |a Anca Ramos, Celia de |e author |9 541373 | |
| 700 | 0 | |a Vásquez Vega, Antonio |e author |9 541374 | |
| 245 | 1 | 3 | |a La gestión de la diversidad en la organización global: hacia un nuevo valor en la empresa |
| 250 | |a 1a. ed | ||
| 300 | |a 264 p | ||
| 942 | |c BK | ||
| 945 | |d 20091002 00:00:00 |a cmena | ||
| 260 | |a Madrid |b Pearson Educación |c 2005 | ||
| 650 | 0 | |a Administración del personal |9 260442 | |
| 650 | 0 | |a Diversidad |9 375247 | |
| 650 | 0 | |a Planificación estratégica |9 259735 | |
| 650 | 0 | |a Globalización |9 361930 | |
| 650 | 0 | |a Liderazgo |9 271835 | |
| 583 | |a last modification |c 20091002 00:00:00 |k Rodrigo Vera | ||
| 999 | |c 336351 |d 336349 | ||
| 952 | |0 0 |1 0 |4 0 |6 658_301000000000000_ANC_2005 |7 0 |8 A |9 427517 |a BIBGIM |b BIBGIM |d 2019-11-22 |i 4606469 |o 658.301 ANC 2005 |p 4606469 |r 2025-01-15 |w 2019-11-22 |y BK |k COM | ||